00604nam a22001457a 4500082001200000100001800012245012300030260003600153300002700189650005100216700003400267942001300301999001900314952012500333 a620.005 aRashid, Saima aRole of Tablet PC to Facilitate Successful Implementation of HMIS Healthcare Organization of Pakistan /cSaima Rashid. aIslamabad:bCEME - NUST,c2013. a94 p. :bill. ;c30cm. aEngineering Management MS-Ph. D-Thesis,931605 aDr. Akhtar Nawaz Malik916099 2ddccTHE c536443d536443 00102ddc406620_005000000000000709499886aCLbCLcTHEd2020-10-15l0o620.005pCL-T-483r2020-10-15w2020-10-15yTHE